| 000 -ლიდერი |
| ფიქსირებული სიგრძის საკონტროლო ველი |
02853nam a2200337Ia 4500 |
| 001 - საკონტროლო ნომერი |
| საკონტროლო ველი |
21859 |
| 003 - საკონტროლო ნომრის იდენტიფიკატორი |
| საკონტროლო ველი |
GE_BSU |
| 005 - ბოლო ოპერაციის თარიღი და დრო |
| საკონტროლო ველი |
20220614170048.0 |
| 008 - ფიქსირებული სიგრძის მონაცემთა ელემენტები - ზოგადი ინფორმაცია |
| ფიქსირებული სიგრძის საკონტროლო ველი |
181216s ||||ge |||||||||||||| ||geo|| |
| 020 ## - წიგნის საერთაშორისო სტანდარტული ნომერი |
| International Standard Book Number |
9781847102762 |
| 040 ## - კატალოგიზაციის წყარო |
| Transcribing agency |
GE_BSU |
| 041 ## - ენის კოდი |
| Language code of text/sound track or separate title |
geo |
| 080 ## - უნივერსალური ათობითი კლასიფიკაციის ინდექსი |
| Universal Decimal Classification number |
657.15(076.1) ფ-59 |
| 245 ## - ცნობა სათაურის შესახებ |
| Title |
ფინანსური აღრიცხვა წიგნი F3(INT) საგამოცდო სავარჯიშოები : |
| Remainder of title |
პროფესიული გამოცდები / |
| Statement of responsibility, etc |
წიგნის თარგმანზე და გამოცემაზე მუშაობდნენ : პროექტის ხელმძღ. ლავრენტი ჭუმბურიძე, მთარგმნელი მარინა რევაზიშვილი, რედ. : თამარ ქარჩავა, ნადეჟდა კვატაშიძე, ანჟელი ხორავა. |
| 264 ## - წარმოების, გამოცემის, დისტრიბუციის და სხვა ცნობები |
| გამოცემის, წარმოების, დისტრიბუციის... ადგილი |
თბილისი : |
| გამოცემის, წარმოების, დისტრიბუციის... სახელწოდება |
შპს ,,დანი", |
| გამოცემის, წარმოების, დისტრიბუციის... თარიღი |
2008. |
| 300 ## - ფიზიკური აღწერა |
| Extent |
160 გვ. ; |
| Dimensions |
29 სმ. |
| 490 ## - სერიის ცნობა |
| Series statement |
ACCA ინგლისისა და უელსის ნაფიც სერტიფიცირებულ ბუღალტერთა ასოციაცია |
| 500 ## - ზოგადი შენიშვნა |
| General note |
ამ წიგნის გამოცემა განხორციელდა ევრაზიის თანამშრომლობის ფონდის მხარდაჭერით შვედეთის საერთაშორისო განვითარების სააგენტოს (SIDA) სახსრებიდან |
| 500 ## - ზოგადი შენიშვნა |
| General note |
წიგნი განკუთვნილია ბუღალტერთა და აუდიტორთა პროფესიული სერტიფიცირებისათვის, იგი ასევე გამოადგება ეკონომიკური პროფილის სტუდენტებს |
| 653 ## - INDEX TERM--UNCONTROLLED |
| Uncontrolled term |
ბუღალტერია |
| 653 ## - INDEX TERM--UNCONTROLLED |
| Uncontrolled term |
ფინანსური აღრიცხვა |
| 653 ## - INDEX TERM--UNCONTROLLED |
| Uncontrolled term |
წიგნი F3(INT) |
| 653 ## - INDEX TERM--UNCONTROLLED |
| Uncontrolled term |
საგამოცდო სავარჯიშოები |
| 700 ## - ADDED ENTRY--PERSONAL NAME |
| Personal name |
ჭუმბურიძე, ლავრენტი |
| Relator term |
პროექტის ხელმძღვანელი |
| 9 (RLIN) |
14084 |
| 700 ## - ADDED ENTRY--PERSONAL NAME |
| Personal name |
რევაზიშვილი, მარინა |
| Relator term |
მთარგმნელი |
| 9 (RLIN) |
13181 |
| 700 ## - ADDED ENTRY--PERSONAL NAME |
| Personal name |
ქარჩავა, თამარ |
| Relator term |
რედაქტორი |
| 9 (RLIN) |
14085 |
| 700 ## - ADDED ENTRY--PERSONAL NAME |
| Personal name |
კვატაშიძე, ნადეჟდა |
| Relator term |
რედაქტორი |
| 9 (RLIN) |
13182 |
| 700 ## - ADDED ENTRY--PERSONAL NAME |
| Personal name |
ხორავა, ანჟელი |
| Relator term |
რედაქტორი |
| 9 (RLIN) |
13183 |
| 942 ## - ADDED ENTRY ELEMENTS (KOHA) |
| Koha item type |
წიგნი |
| Source of classification or shelving scheme |
|